Лингвистический анализ художественного текста; Теория и практика: учебник; Практикум

Dettagli Bibliografici
Autore principale: Бабенко Л. Г. Людмила Григорьевна
Altri autori: Казарин Ю. В. Юрий Викторович
Lingua:russo
Pubblicazione: Москва, Флинта, 2003
Soggetti:
Natura: Libro
KOHA link:https://koha.lib.tpu.ru/cgi-bin/koha/opac-detail.pl?biblionumber=49040

MARC

LEADER 00000nam0a2200000 4500
001 49040
005 20231101211159.0
010 |a 5893493370 
010 |a 5-02-022602-5 
035 |a (RuTPU)RU\TPU\book\51360 
090 |a 49040 
100 |a 20030324d2003 m y0rusy50 ca 
101 0 |a rus 
102 |a RU 
105 |a y j 001zy 
200 1 |a Лингвистический анализ художественного текста  |a Теория и практика  |e учебник  |e Практикум  |f Л. Г. Бабенко, Ю. В. Казарин 
210 |a Москва  |c Флинта  |c Наука  |d 2003 
215 |a 496 с. 
320 |a Библиогр.: с. 485-496 
606 |a Текст  |x Лингвистика  |2 stltpush  |3 (RuTPU)RU\TPU\subj\58745  |9 76497 
610 1 |a языкознание 
610 1 |a художественный текст 
610 1 |a лингвистический анализ 
610 1 |a теория 
610 1 |a практика 
610 1 |a учебники 
610 1 |a практикумы 
686 |a Ш09я7  |v LBC/SL-A  |2 rubbk 
700 1 |a Бабенко  |b Л. Г.  |g Людмила Григорьевна 
701 1 |a Казарин  |b Ю. В.  |g Юрий Викторович 
801 1 |a RU  |b 63413507  |c 20030324  |g PSBO 
801 2 |a RU  |b 63413507  |c 20180516  |g PSBO 
900 |a Лингвистика текста 
942 |c BK 
952 |a 520300  |b 021700